000 00523nam a2200193Ia 4500
005 20260120130450.0
008 008 260114s9999 xx 000 0 eng d
020 _a9780199867455
037 _aEBOOK
040 _aCRL
_beng
_cCRL
041 _aeng
_2eng
084 _qCRL
100 _aFeldman
_9915336
245 4 _aThe Role of Science in Law
260 _bOxford University PressOxford University Press
_c2009
856 _uhttps://academic.oup.com/book/3405
942 _cEBOOK
999 _c1507240
_d1507240